The WORKSHOP on hydrological impacts of forestry practices and reafforestation, 2-6 November 1981, Universiti Pertanian Malaysia, Serdang : proceedings

Bibliographic Details
Other Authors: Kamis Awang
Format: Book
Published: Serdang, Selangor : Universiti Pertanian Malaysia , 1983
Subjects:

MARC

LEADER 00000cam a2200000 7i4500
001 0000002794
005 20040113.0
090 0 0 |a 551.48   |b WOR 1983 
245 0 4 |a The WORKSHOP on hydrological impacts of forestry practices and reafforestation, 2-6 November 1981, Universiti Pertanian Malaysia, Serdang :   |b proceedings   |c edited by Kamis Awang ... (et al.) 
260 0 0 |a Serdang, Selangor :   |b Universiti Pertanian Malaysia ,   |c 1983 
300 |a vi, 79 p. :   |b maps ;   |c 24 cm. 
500 0 0 |a Includes bibliographical references 
650 0 0 |a Hydrology, Forest   |x Congresses 
700 0 1 |a Kamis Awang 
998 |a JPSM 
999 |a 0000003748   |b Monograph   |c Open Shelf   |e Default branch